| 000 | 00456nam a22001577a 4500 | ||
|---|---|---|---|
| 005 | 20251108172325.0 | ||
| 008 | 250721s1988 xx 000 0 ara d | ||
| 082 | 1 | 4 | _a001/طار |
| 100 | 1 | _aحبيب، طارق | |
| 245 | 1 | 0 |
_aإختبر معلوماتك : _bبطريقة س ، 3ج / |
| 264 | 1 |
_aالقاهره : _bالمركز العربي الحديث، _c1988. |
|
| 300 | _a157ص | ||
| 650 | 1 | 7 | _aالألغاز |
| 942 |
_2ddc _cBK |
||
| 999 |
_c76190 _d76190 |
||